One Blackburn Rovers Player by Nation - Statistics

General Stats
  • This quiz has been taken 253 times
  • The average score is 7 of 15
Answer Stats
Nation Player % Correct
Ireland Jeff Kenna | Steven Reid | Damien Duff | +11 others
79%
Norway Morten Gamst Pedersen | Henning Berg | Lars Bohinen | +3 others
76%
United States Brad Friedel | Jermaine Jones | Jemal Johnson
61%
Wales Robbie Savage | Chris Coleman | Craig Bellamy | +4 others
61%
South Africa Benni McCarthy | Aaron Mokoena
60%
Scotland Colin Hendry | Kevin Gallacher | Billy McKinlay | +9 others
56%
Australia Brett Emerton | Lucas Neill | Vince Grella | +2 others
47%
France Gaël Givet | Steven Nzonzi | Pascal Chimbonda | +6 others
44%
Sweden Martin Olsson | Nils-Eric Johansson | Martin Dahlin | +3 others
44%
Turkey Tugay Kerimoğlu | Hakan Şükür | Hakan Ünsal | +1 other
41%
Spain Míchel Salgado | Rubén Rochina
34%
Italy Corrado Grabbi | Lorenzo Amoruso | Dario Marcolin | +1 other
17%
Netherlands André Ooijer | Maceo Rigters | Richard Witschge
16%
Northern Ireland Keith Gillespie | Damien Johnson | Alan Fettis
15%
Switzerland Stéphane Henchoz | Johann Vogel | Bruno Berner
14%
No matching quizzes found
Score Distribution
Percent of People with Each Score
Percentile by Number Answered
Your Score History
You have not taken this quiz